Loading...
Annual report 2008-09
| Andre forfattere: | |
|---|---|
| Format: | Report |
| Udgivet: |
Chennai
Tamil Nadu Veterinary and Animal Sciences University
2009
|
| Fag: |
| LEADER | 00504nam a22001577a 4500 | ||
|---|---|---|---|
| 003 | OSt | ||
| 999 | |c 195159 |d 195159 | ||
| 082 | |a TNVASU/AR 2008-09 | ||
| 245 | |a Annual report 2008-09 | ||
| 260 | |a Chennai |b Tamil Nadu Veterinary and Animal Sciences University |c 2009 | ||
| 300 | |a 138p. | ||
| 546 | |a English | ||
| 650 | |a Annual report | ||
| 700 | |a TNVASU | ||
| 942 | |2 ddc |c REP | ||
| 952 | |0 0 |1 0 |2 ddc |4 0 |6 TNVASU_AR_200809 |7 0 |9 202528 |a KAUCLV |b KAUCLV |c REPORTS |d 2020-11-18 |o TNVASU/AR 2008-09 |p 811236 |r 2020-11-18 |w 2020-11-18 |y REP | ||